书目信息 |
| 题名: |
视觉英雄张艺谋
|
|
| 作者: | 林邵峰 编著 | |
| 分册: | ||
| 出版信息: | 北京 中国广播电视出版社 2005 |
|
| 页数: | 195页 | |
| 开本: | 21cm | |
| 丛书名: | 中国电影百年经典书系 | |
| 单 册: | ||
| 中图分类: | J905.2 | |
| 科图分类: | ||
| 主题词: | 电影评论--中国--现代 , 电影导演--人物研究--中国--现代 | |
| 电子资源: | ||
| ISBN: | 7-5043-4507-5 | |
| 000 | 00891oam2 2200301 45 | |
| 001 | 060000021487 | |
| 005 | 20051129101106.42 | |
| 010 | @a7-5043-4507-5@dCNY23.80 | |
| 092 | @aCN | |
| 100 | @a20050308d2005 ekmy0chiy0120 ea | |
| 101 | 0 | @achi |
| 102 | @aCN@b110000 | |
| 105 | @aa az 000yd | |
| 200 | 1 | @a视觉英雄张艺谋@9shi jue ying xiong zhang yi mou@f林邵峰编著@Flin shao feng bian zhu |
| 210 | @a北京@c中国广播电视出版社@d2005 | |
| 215 | @a195页@c图@d21cm | |
| 225 | 2 | @a中国电影百年经典书系@i导演系列@v02 |
| 320 | @a有书目 | |
| 410 | 0 | @12001 @a中国电影百年经典书系 |
| 410 | 0 | @12001 @a导演系列 |
| 600 | 0 | @a张艺谋@f1950~@x人物研究 |
| 606 | 0 | @a电影评论@y中国@z现代 |
| 606 | 0 | @a电影导演@x人物研究@y中国@z现代 |
| 690 | @aJ905.2@v4 | |
| 701 | 0 | @a林邵峰@Alin shao feng@4编著 |
| 801 | 0 | @aCN@bCXYBOOK@c20051129 |
| 905 | @a10447@dJ905.2@e115 | |
| 999 | @aAFJ@eDF | |
| 视觉英雄张艺谋/林邵峰编著.-北京:中国广播电视出版社,2005 |
| 195页:图;21cm.-(中国电影百年经典书系.导演系列;02) |
| ISBN 7-5043-4507-5:CNY23.80 |
| ● |
| 相关链接 |
|
|
|
|
正题名:视觉英雄张艺谋
索取号:J905.2/115
 
预约/预借
| 序号 | 登录号 | 条形码 | 馆藏地/架位号 | 状态 | 备注 |
| 1 | 0369610 | 203696107 | 第一样本阅览室/ [索取号:J905.2/115] | 在馆 | |
| 2 | 0369611 | 203696116 | 第一借阅区/ [索取号:J905.2/115] | 在馆 | |
| 3 | 0369612 | 203696125 | 第一借阅区/ [索取号:J905.2/115] | 在馆 | |
| 4 | 0369613 | 203696134 | 第一借阅区/ [索取号:J905.2/115] | 在馆 | |
| 5 | 0369614 | 203696143 | 第一借阅区/ [索取号:J905.2/115] | 在馆 |